[Event "Dortmund Sparkassen op 50th"]
[Site "Dortmund"]
[Date "2023.06.29"]
[Round "6"]
[White "Raja, Harshit"]
[Black "Skabs, Denis"]
[Result "1-0"]
[WhiteElo "2510"]
[BlackElo "2059"]
[PlyCount "82"]
[EventDate "2023.06.24"]
[EventType "swiss"]
[EventRounds "9"]
[EventCountry "GER"]
[SourceTitle "CBM 215 Extra"]
[Source "ChessBase"]
[SourceDate "2023.09.30"]
[SourceVersion "1"]
[SourceVersionDate "2023.09.30"]
[SourceQuality "1"]

1. e4 c6 2. Nf3 d5 3. Nc3 Bg4 4. h3 Bxf3 5. Qxf3 e6 6. Be2 Nf6 7. 0-0 dxe4 8. Nxe4 Nxe4 9. Qxe4 Nd7 10. d4 Nf6 11. Qd3 h6 12. a4 Bd6 13. a5 a6 14. c4 0-0 15. g3 Qe7 16. Be3 Rad8 17. Bf3 Rfe8 18. Qb3 Bb8 19. Rfe1 Rd7 20. Rad1 Red8 21. Kg2 Qf8 22. h4 Ba7 23. Qc3 c5 24. dxc5 Bxc5 25. Rxd7 Rxd7 26. Bxc5 Qxc5 27. Re5 Qc7 28. g4 Rd3 29. Qxd3 Qxe5 30. Qd8+ Kh7 31. Qe7 Qd4 32. Qxb7 Qxc4 33. b3 Qd4 34. Qxa6 Nxg4 35. Qe2 Nf6 36. Qc4 Qd2 37. a6 Nd5 38. Bxd5 exd5 39. Qg4 Qd3 40. a7 Qa6 41. Qf5+ Kg8 1-0

[Event "GER-chT U20"]
[Site "Muenster"]
[Date "2022.12.28"]
[Round "4"]
[White "Skabs, Denis"]
[Black "Enxing, Philemon"]
[Result "1-0"]
[WhiteElo "2021"]
[BlackElo "1828"]
[PlyCount "119"]
[EventDate "2022.12.26"]
[EventType "team-swiss"]
[EventRounds "7"]
[EventCountry "GER"]
[SourceTitle "CBM 212 Extra"]
[Source "ChessBase"]
[SourceDate "2023.03.31"]
[SourceVersion "1"]
[SourceVersionDate "2023.03.31"]
[SourceQuality "1"]
[WhiteTeam "Brackel"]
[BlackTeam "Leipzig SG"]
[WhiteTeamCountry "GER"]
[BlackTeamCountry "GER"]

1. e4 e6 2. Nf3 d5 3. Nc3 Nf6 4. e5 Nfd7 5. d4 c5 6. Bg5 Qb6 7. dxc5 Nxc5 8. Rb1 Nc6 9. Bb5 Qc7 10. 0-0 Be7 11. Bxe7 Qxe7 12. Nd4 Bd7 13. b4 Na6 14. Nxc6 Bxc6 15. Bxa6 bxa6 16. Re1 Rb8 17. Qg4 0-0 18. Ne2 Ba4 19. c3 Bc2 20. Rbc1 Bf5 21. Qg3 Rfc8 22. Nd4 Bg6 23. Nb3 Qc7 24. Qe3 Qb6 25. Qd2 Rc7 26. a4 Rbc8 27. a5 Qb5 28. Nc5 Rc6 29. Qd4 Rxc5 30. bxc5 Qxc5 31. Qa4 Bd3 32. Red1 Bb5 33. Qa1 Qc7 34. f4 Qc4 35. Rd4 Qe2 36. h3 h6 37. Kh2 Qe3 38. Qb2 Rc4 39. g3 h5 40. Qd2 Qf3 41. Rd3 Qe4 42. Re1 Qf5 43. Rd4 Ra4 44. Rxa4 Bxa4 45. Qf2 Bb5 46. Re3 Bc4 47. Qf3 Qc2+ 48. Qg2 Qa4 49. g4 hxg4 50. hxg4 Qxa5 51. f5 Qb6 52. Qf2 exf5 53. gxf5 Qh6+ 54. Rh3 Qg5 55. Rg3 Qh5+ 56. Kg2 Kf8 57. f6 gxf6 58. Qc5+ Ke8 59. Rg8+ Kd7 60. Qd6# 1-0

[Event "Solta op 5th"]
[Site "Grohote"]
[Date "2022.07.10"]
[Round "9"]
[White "Lauda, Alexandr"]
[Black "Skabs, Denis"]
[Result "1/2-1/2"]
[WhiteElo "1916"]
[BlackElo "1949"]
[PlyCount "36"]
[EventDate "2022.07.02"]
[EventType "swiss"]
[EventRounds "9"]
[EventCountry "CRO"]
[SourceTitle "EXT 2023"]
[Source "ChessBase"]
[SourceDate "2022.10.05"]
[SourceVersion "1"]
[SourceVersionDate "2022.10.05"]
[SourceQuality "1"]

1. d4 d5 2. c4 e6 3. Nf3 Nf6 4. g3 Be7 5. Bg2 0-0 6. 0-0 dxc4 7. Ne5 Nc6 8. Nxc6 bxc6 9. Na3 Bxa3 10. bxa3 Nd5 11. e4 Nb6 12. a4 a5 13. Ba3 Re8 14. f4 c3 15. Bc5 Nd7 16. Ba3 Nb6 17. Bc5 Nd7 18. Ba3 Nb6 1/2-1/2

[Event "Solta op 5th"]
[Site "Grohote"]
[Date "2022.07.04"]
[Round "3"]
[White "Vujakovic, Branko"]
[Black "Skabs, Denis"]
[Result "1-0"]
[WhiteElo "2298"]
[BlackElo "1949"]
[PlyCount "85"]
[EventDate "2022.07.02"]
[EventType "swiss"]
[EventRounds "9"]
[EventCountry "CRO"]
[SourceTitle "EXT 2023"]
[Source "ChessBase"]
[SourceDate "2022.10.05"]
[SourceVersion "1"]
[SourceVersionDate "2022.10.05"]
[SourceQuality "1"]

1. e4 e5 2. Nf3 Nc6 3. Bb5 Nf6 4. d4 Nxd4 5. Nxd4 c6 6. Nf5 cxb5 7. Nd6+ Bxd6 8. Qxd6 Qe7 9. Qd3 0-0 10. Bg5 Qb4+ 11. Nc3 Qc4 12. Bxf6 Qxd3 13. cxd3 gxf6 14. Nxb5 Rd8 15. Nd6 Kf8 16. Rc1 Ke7 17. Nf5+ Kf8 18. Nd6 Ke7 19. Nb5 d6 20. Nc7 Rb8 21. Nd5+ Ke6 22. Kd2 Bd7 23. Rc7 f5 24. f3 f4 25. g3 Rg8 26. gxf4 Rg2+ 27. Kc3 f5 28. Ne3 Re2 29. Nxf5 b5 30. a3 b4+ 31. axb4 a5 32. fxe5 axb4+ 33. Kb3 dxe5 34. Ra1 Bb5 35. Raa7 Rd8 36. Re7+ Kf6 37. Rf7+ Kg5 38. h4+ Kg6 39. Rg7+ Kf6 40. Ra2 Bxd3 41. Rxh7 Bc2+ 42. Kxb4 Bxe4 43. Ra6+ 1-0

[Event "Solta op 5th"]
[Site "Grohote"]
[Date "2022.07.02"]
[Round "1"]
[White "Muha, Miljenko"]
[Black "Skabs, Denis"]
[Result "1-0"]
[WhiteElo "2320"]
[BlackElo "1949"]
[PlyCount "61"]
[EventDate "2022.07.02"]
[EventType "swiss"]
[EventRounds "9"]
[EventCountry "CRO"]
[SourceTitle "EXT 2023"]
[Source "ChessBase"]
[SourceDate "2022.10.05"]
[SourceVersion "1"]
[SourceVersionDate "2022.10.05"]
[SourceQuality "1"]

1. d4 d5 2. Bf4 Nf6 3. e3 c5 4. Nf3 Nc6 5. Nbd2 Bf5 6. dxc5 Qa5 7. Nd4 Nxd4 8. exd4 Qb4 9. Be3 Qxb2 10. Bd3 Bxd3 11. cxd3 Qa3 12. Qb1 Qa6 13. a4 g6 14. Qb5+ Qxb5 15. axb5 Bg7 16. Ke2 0-0 17. Ra4 b6 18. f4 Rfb8 19. Rb1 Ng4 20. Nf3 e6 21. Ra6 bxc5 22. dxc5 Bf8 23. d4 Bg7 24. Ne5 Bxe5 25. dxe5 Nxe3 26. Kxe3 Kg7 27. Kd4 h6 28. c6 Rb6 29. Kc5 Rxa6 30. bxa6 Rc8 31. Kd6 1-0

[Event "GER-chT U20"]
[Site "Willingen"]
[Date "2021.06.27"]
[Round "7"]
[White "Skabs, Denis"]
[Black "Tiedemann, Fin Niklas"]
[Result "1-0"]
[WhiteElo "1939"]
[BlackElo "1945"]
[PlyCount "59"]
[EventDate "2021.06.24"]
[EventType "team-swiss"]
[EventRounds "7"]
[EventCountry "GER"]
[SourceTitle "CBM 203 Extra"]
[Source "ChessBase"]
[SourceDate "2021.09.30"]
[SourceVersion "1"]
[SourceVersionDate "2021.09.30"]
[SourceQuality "1"]
[WhiteTeam "Brackel"]
[BlackTeam "Luebeck"]
[WhiteTeamCountry "GER"]
[BlackTeamCountry "GER"]

1. e4 e5 2. Nf3 Nc6 3. Bc4 Bc5 4. c3 Nf6 5. d4 exd4 6. cxd4 Bb4+ 7. Nc3 Nxe4 8. 0-0 Bxc3 9. d5 Bf6 10. Re1 Ne7 11. Rxe4 d6 12. Bg5 Bxg5 13. Nxg5 h6 14. Qe2 hxg5 15. Re1 0-0 16. Rxe7 g6 17. Qe3 Bd7 18. Qxg5 Re8 19. Qf6 Rxe7 20. Rxe7 Be8 21. Bd3 a5 22. Bxg6 Qxe7 23. Qxe7 fxg6 24. Qxc7 b5 25. Qxd6 Bf7 26. h3 b4 27. Qc6 Rd8 28. d6 Kf8 29. Qc7 Ke8 30. Qe7# 1-0

[Event "GER-chT U20"]
[Site "Willingen"]
[Date "2021.06.26"]
[Round "6"]
[White "Rogozenco, Teodora Nana"]
[Black "Skabs, Denis"]
[Result "0-1"]
[WhiteElo "1978"]
[BlackElo "1939"]
[PlyCount "112"]
[EventDate "2021.06.24"]
[EventType "team-swiss"]
[EventRounds "7"]
[EventCountry "GER"]
[SourceTitle "CBM 203 Extra"]
[Source "ChessBase"]
[SourceDate "2021.09.30"]
[SourceVersion "1"]
[SourceVersionDate "2021.09.30"]
[SourceQuality "1"]
[WhiteTeam "Hamburger SK"]
[BlackTeam "Brackel"]
[WhiteTeamCountry "GER"]
[BlackTeamCountry "GER"]

1. d4 d5 2. c4 e6 3. cxd5 exd5 4. Nc3 Bf5 5. Qb3 Nc6 6. Be3 Nf6 7. Nf3 Bb4 8. Ne5 Qd6 9. g3 Bxc3+ 10. Qxc3 Ne4 11. Qb3 Nxe5 12. dxe5 Qxe5 13. 0-0-0 c6 14. Bd4 Qe7 15. f3 Nc5 16. Qc3 Ne6 17. g4 Nxd4 18. Qxd4 Bg6 19. Qxg7 0-0-0 20. Qd4 c5 21. Qf4 Rhe8 22. h4 f6 23. h5 Bf7 24. Rd3 Qe5 25. Qa4 Kb8 26. e3 d4 27. Ra3 a6 28. Bxa6 bxa6 29. Qxa6 Bd5 30. Qa7+ Kc8 31. Qxc5+ Qc7 32. exd4 Re2 33. Rd1 Rf2 34. Rc3 Qxc5 35. dxc5 Bxf3 36. Rxd8+ Kxd8 37. Rc4 Rg2 38. Rf4 Bxg4 39. Rxf6 Bxh5 40. a4 Bg6 41. b4 Rc2+ 42. Kd1 Rc4 43. Rb6 Bc2+ 44. Kd2 Bxa4 45. Kd3 Rh4 46. b5 Ke7 47. Rb8 h5 48. Ke3 Rc4 49. c6 Rc5 50. Rb7+ Kd8 51. Rb8+ Kc7 52. Rb7+ Kd6 53. Kd4 Rd5+ 54. Kc4 Bxb5+ 55. Rxb5 Rxb5 56. Kxb5 Kc7 0-1

[Event "GER-ch U16"]
[Site "Willingen"]
[Date "2020.10.23"]
[Round "6"]
[White "Skabs, Denis"]
[Black "Mainka, Alwin"]
[Result "1/2-1/2"]
[WhiteElo "1875"]
[BlackElo "1954"]
[PlyCount "70"]
[EventDate "2020.10.19"]
[EventType "swiss"]
[EventRounds "7"]
[EventCountry "GER"]
[SourceTitle "EXT 2022"]
[Source "ChessBase"]
[SourceDate "2021.10.06"]
[SourceVersion "1"]
[SourceVersionDate "2021.10.06"]
[SourceQuality "1"]

1. e4 c5 2. d4 cxd4 3. c3 d5 4. exd5 Qxd5 5. cxd4 Nc6 6. Nf3 e6 7. Nc3 Qd8 8. a3 Be7 9. Bc4 Nf6 10. Bg5 0-0 11. 0-0 Na5 12. Ba2 b6 13. Qd3 Bb7 14. Rad1 h6 15. Bh4 Nd5 16. Bxe7 Nxe7 17. Ne5 Nac6 18. Bb1 g6 19. Qe3 Kg7 20. Rfe1 Nd5 21. Nxd5 Qxd5 22. Be4 Qd6 23. Qg3 Nxd4 24. Rxd4 Qxd4 25. Bxb7 Qd2 26. Nf3 Qxb2 27. Bxa8 Rxa8 28. Ne5 Qd2 29. Rf1 Rc8 30. Qf3 Rc7 31. Rd1 Qc3 32. Qf4 g5 33. Qe3 Rc5 34. Nd3 Rd5 35. h3 Qxa3 1/2-1/2

[Event "Dortmund Sparkassen op 47th"]
[Site "Dortmund"]
[Date "2019.07.19"]
[Round "7"]
[White "Zweschper, Erich"]
[Black "Skabs, Denis"]
[Result "0-1"]
[WhiteElo "2031"]
[BlackElo "1745"]
[PlyCount "106"]
[EventDate "2019.07.13"]
[EventType "swiss"]
[EventRounds "9"]
[EventCountry "GER"]
[SourceTitle "EXT 2020"]
[Source "ChessBase"]
[SourceDate "2019.10.17"]
[SourceVersion "1"]
[SourceVersionDate "2019.10.17"]
[SourceQuality "1"]

1. d4 d5 2. Nf3 Nf6 3. e3 e6 4. Bd3 c5 5. c3 Nc6 6. Nbd2 Be7 7. Qe2 0-0 8. 0-0 Qc7 9. e4 dxe4 10. Nxe4 cxd4 11. cxd4 Rd8 12. Be3 e5 13. Rac1 Qa5 14. Nxf6+ Bxf6 15. Rc5 Qxa2 16. Nxe5 Bxe5 17. dxe5 Be6 18. f4 Nd4 19. Bxd4 Rxd4 20. f5 Bd5 21. e6 fxe6 22. f6 Rxd3 23. f7+ Kf8 24. Qxd3 Qxb2 25. Qg3 Qd4+ 26. Qf2 Qxf2+ 27. Kxf2 a5 28. Ra1 a4 29. Ra3 Kxf7 30. Ke3 Bxg2 31. Rc4 Bc6 32. Rh4 h6 33. Kd4 Ra5 34. Kc4 Rf5 35. Kb4 Kf6 36. Rd3 Kg5 37. Rhh3 e5 38. Rdg3+ Kf6 39. Rd3 Rf4+ 40. Kc5 e4 41. Rd6+ Kf7 42. Rg3 Rf3 43. Rg4 Rf6 44. Rd1 g5 45. Rg3 Kg6 46. h4 Rf3 47. Rd6+ Kh5 48. Rg1 Rf5+ 49. Kd4 g4 50. Ke3 Rf3+ 51. Ke2 g3 52. Rc1 Bb5+ 53. Kd2 Rd3+ 0-1

[Event "Dortmund Sparkassen op 47th"]
[Site "Dortmund"]
[Date "2019.07.17"]
[Round "5"]
[White "Guenther, Lars"]
[Black "Skabs, Denis"]
[Result "1/2-1/2"]
[WhiteElo "2114"]
[BlackElo "1745"]
[PlyCount "105"]
[EventDate "2019.07.13"]
[EventType "swiss"]
[EventRounds "9"]
[EventCountry "GER"]
[SourceTitle "EXT 2020"]
[Source "ChessBase"]
[SourceDate "2019.10.17"]
[SourceVersion "1"]
[SourceVersionDate "2019.10.17"]
[SourceQuality "1"]

1. e4 e5 2. Bc4 Nc6 3. Nc3 Nf6 4. d3 Na5 5. Bg5 Nxc4 6. dxc4 Bb4 7. Qd3 h6 8. Bd2 d6 9. Nge2 Be6 10. f3 Qd7 11. Nd5 Bxd2+ 12. Qxd2 c6 13. Ne3 d5 14. cxd5 cxd5 15. exd5 Nxd5 16. Nxd5 Qxd5 17. Qxd5 Bxd5 18. Nc3 0-0-0 19. Nxd5 Rxd5 20. Ke2 Rhd8 21. Rad1 Kc7 22. Rd3 Rxd3 23. cxd3 Rd6 24. Rc1+ Rc6 25. Rc3 Kd6 26. Ke3 Rb6 27. b3 Ra6 28. a4 Rb6 29. d4 f5 30. dxe5+ Kxe5 31. Rc5+ Kf6 32. Rb5 Re6+ 33. Kd2 b6 34. a5 Kg5 35. axb6 axb6 36. Rd5 Kf4 37. Rd4+ Kg5 38. Rd7 g6 39. Rd4 Rc6 40. Rd5 Kf4 41. Kd3 g5 42. Rd4+ Ke5 43. g3 Rc1 44. f4+ Ke6 45. Rc4 Rd1+ 46. Kc2 Rd6 47. Kc3 Kd7 48. Rd4 Rxd4 49. Kxd4 gxf4 50. gxf4 Kd6 51. b4 h5 52. Kc4 Kc6 53. Kd4 1/2-1/2

[Event "Dortmund Sparkassen op 47th"]
[Site "Dortmund"]
[Date "2019.07.15"]
[Round "3"]
[White "Biermann, Lenhard"]
[Black "Skabs, Denis"]
[Result "1/2-1/2"]
[WhiteElo "2056"]
[BlackElo "1745"]
[PlyCount "126"]
[EventDate "2019.07.13"]
[EventType "swiss"]
[EventRounds "9"]
[EventCountry "GER"]
[SourceTitle "EXT 2020"]
[Source "ChessBase"]
[SourceDate "2019.10.17"]
[SourceVersion "1"]
[SourceVersionDate "2019.10.17"]
[SourceQuality "1"]

1. c4 e6 2. Nf3 d5 3. g3 Nf6 4. Bg2 Be7 5. d4 0-0 6. 0-0 dxc4 7. Qc2 b5 8. Ne5 Nd5 9. a4 c6 10. Nc3 f6 11. Nf3 b4 12. Nb1 Ba6 13. e4 b3 14. Qd1 c3 15. bxc3 Bxf1 16. Bxf1 Nc7 17. Qxb3 Kh8 18. Na3 f5 19. exf5 exf5 20. Ne5 Nd5 21. Qb7 Qc7 22. Rb1 Qxb7 23. Rxb7 Rc8 24. Bc4 Rc7 25. Rxc7 Nxc7 26. Nc2 Nd5 27. Nxc6 Nxc6 28. Bxd5 Rc8 29. Bd2 Na5 30. Ne3 g6 31. Kf1 Rb8 32. Ke2 Nb3 33. Be1 Ba3 34. Nc4 Be7 35. Ne5 Na5 36. Kd3 Rb1 37. Bd2 Ra1 38. Nc6 Nxc6 39. Bxc6 Rb1 40. Bb5 g5 41. Bd7 Rh1 42. Bxf5 Rxh2 43. Be3 Rh6 44. d5 Ra6 45. Bd7 Kg7 46. Bb5 Rd6 47. Bc6 h5 48. Bxa7 Rh6 49. Bd7 h4 50. gxh4 gxh4 51. Bh3 Ra6 52. Bd4+ Kf8 53. Bd7 Rh6 54. Bh3 Ra6 55. Be5 Bf6 56. Bxf6 Rxf6 57. Ke2 Rf4 58. Bd7 Ke7 59. Be6 Rxa4 60. f3 Rc4 61. Kd3 Rf4 62. Ke3 Rc4 63. Kd3 Rf4 1/2-1/2

[Event "Dortmund Sparkassen op 47th"]
[Site "Dortmund"]
[Date "2019.07.13"]
[Round "1"]
[White "Toel, Karl Ludwig"]
[Black "Skabs, Denis"]
[Result "1-0"]
[WhiteElo "2068"]
[BlackElo "1745"]
[PlyCount "121"]
[EventDate "2019.07.13"]
[EventType "swiss"]
[EventRounds "9"]
[EventCountry "GER"]
[SourceTitle "EXT 2020"]
[Source "ChessBase"]
[SourceDate "2019.10.17"]
[SourceVersion "1"]
[SourceVersionDate "2019.10.17"]
[SourceQuality "1"]

1. d4 d5 2. c4 e6 3. Nc3 c5 4. cxd5 cxd4 5. Qa4+ Bd7 6. Qxd4 exd5 7. Nf3 Nc6 8. Qxd5 Nf6 9. Qd1 Bc5 10. e3 Qe7 11. Bc4 0-0-0 12. 0-0 Bg4 13. Qa4 Bxf3 14. gxf3 Nd7 15. Bd5 Nb4 16. e4 Nb6 17. Qb3 N4xd5 18. Nxd5 Nxd5 19. exd5 Qe5 20. Rd1 Kb8 21. Be3 Bxe3 22. fxe3 Rhe8 23. e4 f5 24. Re1 Qd4+ 25. Qe3 Qxe3+ 26. Rxe3 Rxd5 27. Rae1 fxe4 28. fxe4 Rd2 29. R1e2 Rxe2 30. Rxe2 Kc7 31. Kf2 Re5 32. Ke3 Kd6 33. Rg2 g6 34. Rd2+ Ke6 35. Rc2 Kd6 36. a4 Ra5 37. b3 b5 38. Rd2+ Kc5 39. Rd5+ Kb4 40. e5 bxa4 41. Rxa5 Kxa5 42. bxa4 Kb6 43. Kf4 Kc7 44. Kg5 Kd7 45. Kf6 Ke8 46. a5 Kf8 47. a6 h5 48. Kxg6 h4 49. h3 Ke7 50. Kf5 Kf7 51. e6+ Ke7 52. Ke5 Ke8 53. Kf5 Ke7 54. Kg4 Kxe6 55. Kxh4 Kf5 56. Kg3 Kg5 57. Kf3 Kh4 58. Ke4 Kxh3 59. Kd5 Kg4 60. Kc6 Kf5 61. Kb7 1-0